Essential of Medical Microbiology

Bibliographic Details
Main Author: Volk,Wesley A.
Format: Section = Libro
Language:Undetermined
Spanish
Published: J.B. Lippincott Company 1978
Subjects:
LEADER 00609nam a2200229Ia 4500
008 240830s9999 xx 000 0 und d
020 |a 0-397-47374-5 
040 |a CEDOC FIQ-RUSB / 570 V916 
041 |a spa 
082 |a 570 V916 
100 1 |a Volk,Wesley A. 
245 1 0 |a Essential of Medical Microbiology 
260 |b J.B. Lippincott Company  |c 1978 
300 |a 653 p.: il. 
650 7 |a CIENCIAS BIOLÓGICAS 
650 7 |b  INTRODUCCIÓN A LA MICROBIOLOGÍA MÉDICA 
650 7 |c  INMUNOLOGÍA 
650 7 |d  BACTERIAS Y HONGOS 
650 7 |e  VIRUS 
942 |c BK  |2 ddc 
991 |a TEXTO 
999 |c 27195